Normal view
MARC view
Entry Topical Term
001 - CONTROL NUMBER
- control field: 35982
003 - CONTROL NUMBER IDENTIFIER
- control field: OSt
005 - DATE AND TIME OF LATEST TRANSACTION
- control field: 20230227121226.0
008 - FIXED-LENGTH DATA ELEMENTS
- fixed length control field: 230227|| aca||aabn | a|a d
040 ## - CATALOGING SOURCE
- Original cataloging agency: OSt
- Transcribing agency: OSt
150 ## - HEADING--TOPICAL TERM
- Topical term or geographic name entry element: Employee turnover, Models, Trends in turnover research.
670 ## - SOURCE DATA FOUND
- Source citation: Work cat.: (OSt): Gupta, S.K. Bhatia, N. and Bhagat, M. 35981, A review of employee turnover models and their role in evolution of turnover literature
